|
|
|
|
| LEADER |
01358cam a2200277 i 4500 |
| 001 |
1881471 |
| 003 |
GR-PaULI |
| 005 |
20210122065418.0 |
| 008 |
180725s1982 gw g b 000 0 eng d |
| 010 |
|
|
|a 83108259
|
| 020 |
|
|
|a 3878089430 (pbk.)
|
| 040 |
|
|
|a DLC
|c DLC
|d DLC
|d GR-PaULI
|b gre
|e AACR2
|
| 082 |
0 |
4 |
|a 809.12
|2 23
|
| 100 |
1 |
|
|a Spariosu, Mihai.
|9 170332
|e συγγραφέας
|
| 245 |
1 |
0 |
|a Literature, mimesis, and play :
|b essays in literary theory /
|c Mihai Spariosu.
|
| 260 |
|
|
|a Tübingen :
|b G. Narr,
|c c1982.
|
| 300 |
|
|
|a 128 σ. ;
|c 23 εκ.
|
| 504 |
|
|
|a Περιλαμβάνει βιβλιογραφικές σημειώσεις.
|
| 505 |
0 |
|
|a Literature and play -- Six authors in search of a shadow -- Enactment of fiction in Don Quijote -- Tristram Shandy, the games of fiction -- The Eternal husband, fiction and the existential games -- Playing at tragedy.
|
| 650 |
|
4 |
|a Μίμηση στη λογοτεχνία
|9 34985
|
| 650 |
|
4 |
|a Λογοτεχνία
|x Ιστορία και κριτική
|x Θεωρία κλπ.
|9 2586
|
| 650 |
|
4 |
|a Λογοτεχνία
|x Φιλοσοφία
|9 167839
|
| 942 |
|
|
|2 ddc
|c BK15
|
| 952 |
|
|
|0 0
|1 0
|2 ddc
|4 0
|6 809_120000000000000_SPA
|7 0
|9 224815
|a THST
|b THST
|d 2018-07-25
|i 005416
|l 0
|o 809.12 SPA
|p 025000014373
|r 2018-07-25 00:00:00
|t 1
|v 2018.00
|w 2018-07-25
|y BK15
|
| 998 |
|
|
|c ΜΑΝΙΑ
|d 2018-07
|
| 999 |
|
|
|c 135691
|d 135691
|